Собрание сочинений. Кн. 2: Уайнсбург, Огайо (Запись № 13477418)

Подробности
000 -МАРКЕР
контрольное поле 00736nam2a22002051 4500
001 - ИДЕНТИФИКАТОР ЗАПИСИ
контрольное поле RU\NLR\A1SV\4669
005 - ИДЕНТИФИКАТОР ВЕРСИИ
контрольное поле 20251203152403.2
035 ## - ДРУГИЕ СИСТЕМНЫЕ НОМЕРА
Идентификатор записи (NLR Aleph) 009690621
100 ## - ДАННЫЕ ОБЩЕЙ ОБРАБОТКИ
Данные общей обработки 19980325d1925 u y0rusy50 ca
101 0# - ЯЗЫК РЕСУРСА
Язык текста, звукозаписи и т.д. русский
200 1# - ЗАГЛАВИЕ И СВЕДЕНИЯ ОБ ОТВЕТСТВЕННОСТИ
Основное заглавие Уайнсбург, Огайо
Сведения, относящиеся к заглавию Рассказы
Первые сведения об ответственности Пер. с англ. П.Охраменко
215 ## - ФИЗИЧЕСКАЯ ХАРАКТЕРИСТИКА
Специфическое обозначение материала и объем 360 с.
Другие сведения о физической характеристике портр.
461 #1 - УРОВЕНЬ НАБОРА
Встроенное поле 001RU\NLR\A1SV\4668
-- 2000#$vКн. 2
Системный номер (АБИС) связанной записи 9734459
Автор Андерсон, Ш. (1876-1941)
Место публикации М.
Дата публикации 1925
Первые сведения об ответственности Шервуд Андерсон
Имя издателя, распространителя и т.д. Земля и фабрика
Заглавие Собрание сочинений
Номер тома Кн. 2
801 #0 - ИСТОЧНИК ЗАПИСИ
Страна Российская Федерация
Организация NLR
Дата составления 19980325
942 ## - ДОПОЛНИТЕЛЬНЫЕ ЭЛЕМЕНТЫ ЗАПИСИ (АБИС)
Тип экземпляра АБИС Книга
980 ## - КОЛЛЕКЦИЯ
Название коллекции Международный сводный каталог русской книги (1918-1926)
980 ## - КОЛЛЕКЦИЯ
Название коллекции Международный сводный каталог русской книги (1918-1926)
980 ## - КОЛЛЕКЦИЯ
Название коллекции Национальная библиография

Нет доступных экземпляров.